000 00780nam a22002537a 4500
003 OSt
005 20171108195917.0
008 130301t xxu||||| |||| 00| 0 eng d
020 _a9-7807-5454-0496
040 _aLDCLIB
_cLDCLIB
082 _222
_a343.041053
_bTOL
245 _aTolley's Inheritance Tax Planning 2011-2012 /
_cMicheal Waterworth …[et al]
260 _aLondon :
_bLexis Nexis,
_c2011.
300 _axxvii, 346 p. ;
_c23 cm.
500 _aIncludes Index
650 _a Inheritance tax planning
_96996
650 _aTaxation
_96992
650 _aTolley's Inheritance tax planning 2011-2012
_96997
700 _aDew, Richard
_96703
700 _aWaterworth, Michael.
700 _aBedwort, Georgia
_96998
700 _aBoutle, Toby
_96705
942 _2ddc
_cBK
999 _c5301
_d5301